000 02209nam0a2200385 4500
001 RU\NLR\BIBL_A\016356280
005 20251114094145.0
010 _a978-5-7904-2726-8
_9100
021 _aRU
_bКН-П-23-020246
_9КН-П-23-2017
035 _a(NLR Aleph) 016356280
090 _a13136738
_c13136738
100 _a20230426d2023 k y0rusy50 ca
101 0 _arus
102 _aRU
105 _ay z 000zy
181 0 _ai4
_baxxe
182 0 _an
200 1 _aИерархия и координация источников права: теоретические и сравнительные аспекты
_eмонография
_f[Васильев А. А., д-р юрид. наук, доц., Стоилов Янаки, д-р юрид. наук, проф., Фролова Е. А., д-р юрид. наук, проф. и др.]
_gпод ред. А. А. Васильева
_gМинистерство науки и высшего образования Российской Федерации, Алтайский государственный университет
203 _aТекст
_bвизуальный
_cнепосредственный
210 _aБарнаул
_cИзд-во Алтайского государcтвенного университета
_d2023
215 _a394 с.
_d30
300 _aАвт. указаны на с. 3-5
320 _aБиблиогр.: с. 382-392 (256 назв.) и в подстроч. примеч.
606 1 _aПраво
_xИсточники
_2nlr_sh1
_2nlr_sh2
_3RU\NLR\AUTH\66203033
686 1 _aХ01
686 1 _aХ99
701 1 _aВасильев
_bА. А.
_cд-р юрид. наук
_f1983-
_gАнтон Александрович
_3RU\NLR\AUTH\7776613
701 1 _aСтоилов
_bЯ.
_f1958-
_gЯнаки
701 1 _aФролова
_bЕ. А.
_cд-р юрид. наук
_f1968-
_gЕлизавета Александровна
_3RU\NLR\AUTH\7745589
712 0 2 _aАлтайский государственный аграрный университет
_cБарнаул
_3RU\NLR\AUTH\886061
_4475
942 _cBOOK
980 _aNB